বাঙ্গালার ইতিহাস / (Record no. 3758)
[ view plain ]
| 000 -LEADER | |
|---|---|
| fixed length control field | 00936nam a2200229 a 4500 |
| 001 - CONTROL NUMBER | |
| control field | 3758 |
| 003 - CONTROL NUMBER IDENTIFIER | |
| rucl marc code | BD-RjUL |
| 005 - DATE AND TIME OF LATEST TRANSACTION | |
| control field | 20211208233759.0 |
| 008 - FIXED-LENGTH DATA ELEMENTS--GENERAL INFORMATION | |
| fixed length control field | 150420r19741971ii r 0 0 0ben c |
| 035 ## - SYSTEM CONTROL NUMBER | |
| System control number | (BD-RjUL)3792 |
| 040 ## - CATALOGING SOURCE | |
| Original cataloging agency | BD-RjUL |
| Language of cataloging | ben |
| Transcribing agency | BD-RjUL |
| Modifying agency | BD-RjUL |
| 041 ## - LANGUAGE CODE | |
| Language code of text/sound track or separate title | ben |
| 082 ## - DEWEY DECIMAL CLASSIFICATION NUMBER | |
| Classification number | 954.14 |
| Author mark and year | BAB 1974 |
| 100 ## - MAIN ENTRY--PERSONAL NAME | |
| Personal name | বন্দ্যোপাধ্যায়, রাখালদাস |
| 9 (RLIN) | 116612 |
| 245 ## - TITLE STATEMENT | |
| Title | বাঙ্গালার ইতিহাস / |
| Statement of responsibility, etc. | রাখালদাস বন্দ্যোপাধ্যায় |
| Number of part/section of a work | দ্বিতীয় খণ্ড |
| 260 ## - PUBLICATION, DISTRIBUTION, ETC. (IMPRINT) | |
| Place of publication, distribution, etc. | কলিকাতা : |
| Name of publisher, distributor, etc. | নবভারত পাবলিশার্স, |
| Date of publication, distribution, etc. | ১৯৭১, |
| -- | পুনর্মুদ্রণ ১৯৭৪ |
| 300 ## - PHYSICAL DESCRIPTION | |
| Pagination | ৩১৬ পৃ. ; |
| Size | ২১ সেমি. |
| 504 ## - BIBLIOGRAPHY, ETC. NOTE | |
| Bibliography, etc | Includes index. |
| 650 ## - SUBJECT ADDED ENTRY--TOPICAL TERM | |
| Topical term or geographic name as entry element | Bengal (India) |
| General subdivision | Bengal. |
| 9 (RLIN) | 116613 |
| Topical term or geographic name as entry element | India |
| Geographic subdivision | Bengal. |
| 9 (RLIN) | 116614 |
| 942 ## - ADDED ENTRY ELEMENTS (KOHA) | |
| Source of classification or shelving scheme | Dewey Decimal Classification |
| Koha item type | Books |
| Lost status | Source of classification or shelving scheme | Damaged status | Not for loan | Collection code | Permanent Location | Current Location | Shelving location | Date acquired | Source of acquisition | Cost, normal purchase price | Total Checkouts | Full call number | Date last seen | Date checked out | Copy number | Koha item type |
|---|---|---|---|---|---|---|---|---|---|---|---|---|---|---|---|---|
| Dewey Decimal Classification | Non-fiction | Central Library, University of Rajshahi | Central Library, University of Rajshahi | 22/11/1978 | ইন্ডিয়া ইন্টারন্যাসনাল, ঢাকা | 16.00 | 1 | B 954.14 BAB V-2 1974 | 27/04/2015 | 25/04/2015 | C-2 | Books | ||||
| Dewey Decimal Classification | Non-fiction | Central Library, University of Rajshahi | Central Library, University of Rajshahi | 12/01/1980 | ন্ডিয়া ইন্টারন্যাসনাল, | 16.00 | 2 | B 954.14 BAB V-2 1974 | 31/03/2016 | 09/03/2016 | C-3 | Books | ||||
| Dewey Decimal Classification | Non-fiction | Central Library, University of Rajshahi | Central Library, University of Rajshahi | 14/08/1973 | আইডিয়াল লাইব্রেরী | 16.25 | B 954.14 BAB V-2 1974 | 05/08/2015 | C-4 | Books |